[Event "Positano op 6th"]
[Site "Positano"]
[Date "2009.12.05"]
[Round "1"]
[White "Catracchia, Mauro"]
[Black "Cervero, Gianluca"]
[Result "1/2-1/2"]
[WhiteElo "1995"]
[BlackElo "1524"]
[PlyCount "66"]
[EventDate "2009.12.05"]
[EventType "swiss"]
[EventRounds "7"]
[EventCountry "ITA"]
[SourceTitle "EXT 2012"]
[Source "ChessBase"]
[SourceDate "2011.11.24"]
[SourceVersion "1"]
[SourceVersionDate "2011.11.24"]
[SourceQuality "1"]

1. e4 e6 2. d4 d5 3. e5 c5 4. c3 Bd7 5. f4 Nc6 6. Nf3 h6 7. Bd3 Qb6 8. 0-0 cxd4 9. cxd4 Nxd4 10. Nxd4 Qxd4+ 11. Kh1 Bc5 12. Nc3 a6 13. Qe2 Ne7 14. Bd2 0-0 15. Rad1 Nc6 16. a3 Ba7 17. Bc1 Qb6 18. Bb1 Nd4 19. Qd3 Nf5 20. g4 Bc6 21. gxf5 d4+ 22. Ne4 exf5 23. Qf3 Rfd8 24. Rde1 fxe4 25. Bxe4 Bxe4 26. Rxe4 d3 27. b4 d2 28. Bb2 Rac8 29. e6 fxe6 30. Qg4 Rd7 31. Rd1 Qc6 32. Qe2 Qc2 33. Rxe6 Kh7 1/2-1/2